| 000 -LEADER |
| fixed length control field |
00559nam a22002057a 4500 |
| 008 - FIXED-LENGTH DATA ELEMENTS--GENERAL INFORMATION |
| fixed length control field |
150601b xxu||||| |||| 00| 0 eng d |
| 020 ## - INTERNATIONAL STANDARD BOOK NUMBER |
| International Standard Book Number |
0324186266 |
| 020 ## - INTERNATIONAL STANDARD BOOK NUMBER |
| International Standard Book Number |
0324272200 (CDROM) |
| 041 0# - LANGUAGE CODE |
| Language code of text/sound track or separate title |
eng |
| 080 ## - UNIVERSAL DECIMAL CLASSIFICATION NUMBER |
| Universal Decimal Classification number |
336 |
| 100 1# - Rafti |
| Rafti |
Madura, Jeff. |
| 245 10 - TITLE STATEMENT |
| Title |
Introduction to business / |
| Statement of responsibility, etc |
Jeff Madura. |
| 250 ## - |
| -- |
3e [ed.]. |
| 260 ## - |
| -- |
Belmont, CA : |
| -- |
Thompson/South-Western, |
| -- |
c2004. |
| 300 ## - |
| -- |
716 f. : |
| -- |
me il.; |
| -- |
29 cm. +e 1 CD-ROM (4 3/4 in.) |
| 505 ## - |
| -- |
Index: f.711-715 |
| 650 #0 - |
| -- |
Organizimi |
| 650 #0 - |
| -- |
Industrial |
| 942 ## - ADDED ENTRY ELEMENTS (KOHA) |
| Source of classification or shelving scheme |
|
| Item type |
Books |